Biblioteca

Salmos : Traducción, introducciones y comentario (Registro nro. 33623)

Detalles MARC
000 -LÍDER
Campo fijo de descripción fija 01038cam a2200337 i 4500
001 - NÚMERO DE CONTROL
Campo de control 768714001
003 - IDENTIFICADOR DEL NÚMERO DE CONTROL
Campo de control CO-MdFUSB
005 - FECHA Y HORA DE LA ULTIMA TRANSACCIÓN
control field 20230202110532.0
007 - CAMPO FIJO DE DESCRIPCIÓN FIJA--INFORMACIÓN GENERAL
Campo fijo de descripción fija ta
008 - ELEMENTOS DE LONGITUD FIJA -- INFORMACIÓN GENERAL
Campo fijo de descripción fija -- Información general 220621t1992 sp |||| |||| 00| 0 spa d
020 ## - NÚMERO INTERNACIONAL NORMALIZADO PARA LIBROS
Número Internacional Normalizado del libro 8471516675
040 ## - FUENTE DE CATALOGACIÓN
Idioma de catalogación spa.
Agencia de catalogación original CO-MdFUSB
Agencia que realiza la transcripción CO-MdFUSB
Agencia que realiza la modificación CO-MdFUSBC
Convenciones de la descripción rda
041 ## - CÓDIGO DE IDIOMA
Código de idioma para texto/pista de sonido o título separado spa
082 04 - NÚMERO DE CLASIFICACIÓN DECIMAL DEWEY
Número de clasificación 223.2
Clave de autor-Numero de item S337s
Número de la edición del Dewey 23
100 1# - ASIENTO PRINCIPAL--NOMBRE PERSONAL
Nombre personal Alonso Schokel, Luis (1920-1998)
Término relacionador autor
245 10 - TÍTULO
Título del Material Salmos : Traducción, introducciones y comentario
Mención de responsabilidad, etc. / Luis Alonso Schökel , Cecilia Carniti
250 ## - MENCIÓN DE EDICIÓN
Mención de edición segunda edición
264 #1 - PRODUCCIÓN, PUBLICACIÓN, DISTRIBUCIÓN, MANUFACTURA, Y COPYRIGHT
Lugar de producción, publicación, distribución, manufactura Navarra, España :
Nombre del productor, publicador, distribuidor Verbo Divino,
Fecha de producción, publicación, distribución, manufactura, o copyright [1992]
264 #4 - PRODUCCIÓN, PUBLICACIÓN, DISTRIBUCIÓN, MANUFACTURA, Y COPYRIGHT
Fecha de producción, publicación, distribución, manufactura, o copyright © 1992
300 ## - DESCRIPCIÓN FÍSICA
Extensión 1669 Páginas
Dimensiones ; 24 cm
336 ## - TIPO DE CONTENIDO
Fuente rdacontent
Término de tipo de contenido texto
Código de tipo de contenido txt
337 ## - TIPO DE MEDIO
Fuente rdamedia
Nombre del tipo de medio sin mediación
Código del tipo de medio n
338 ## - TIPO DE SOPORTE
Fuente rdacarrier
Nombre del tipo de soporte volumen
Código Tipo de soporte nc
505 ## - NOTA DE CONTENIDO
Nota de contenido con formato preestablecido Tomo I : Salmos 1-72. Tomo II : Salmos 73-150
563 ## - NOTA DE ENCUADERNACIÓN
Nota de encuadernación Pasta dura
630 07 - TITULO UNIFORME
Título uniforme Biblia.
Nombre de parte o sección de la obra Antiguo Testamento
630 07 - TITULO UNIFORME
Título uniforme Biblia.
Nombre de parte o sección de la obra Salmos
700 ## - ASIENTO SECUNDARIO - NOMBRE PERSONAL
9 (RLIN) 7780
Nombre personal Carniti, Cecilia.
Responsabilidad autor
942 ## - TIPO DE MATERIAL (KOHA)
Tipo de Item KOHA Libros de Referencia
945 ## - INFORMACIÓN LOCAL DEL REGISTRO
Catalogador JTF-925
Existencias
Estado de Material Estado de Perdido Forma de Clasificación Estado de Dañado No para Préstamo Colección Biblioteca de Origen Biblioteca Permanente Fecha de Adquisición Total de Préstamos Total de Renovaciones Signatura Topográfica Código de Barras Última vez visto Última vez Préstado Ejemplar/Existencia Fecha de Remplazo Tipo de Material Área
    Dewey Decimal Classification     Colección General Biblioteca FUSBC Biblioteca FUSBC 01/12/2004 8 2 G 223.2 S337s 8340 11/04/2026 18/03/2026 t.2, ej.1 26/01/2016 Libros General  
    Dewey Decimal Classification     Colección General Biblioteca FUSBC Biblioteca FUSBC 29/11/2004 7 8 G 223.2 S337s 8339 19/03/2026 13/01/2026 t.1, ej.1 26/01/2016 Libros General BIBLIA
    Dewey Decimal Classification     Colección General Biblioteca FUSBC Biblioteca FUSBC 01/12/2004 5 5 G 223.2 S337s 12195 09/04/2026 19/03/2026 t. 2, ej.2 26/01/2016 Libros General BIBLIA
    Dewey Decimal Classification     Colección General Biblioteca FUSBC Biblioteca FUSBC 02/02/2023 10 1 G 223.2 S337s 12194 24/09/2025 17/05/2025 t.1, ej.2 02/02/2023 Libros General TEOLOGÍA CRISTIANA
    Dewey Decimal Classification     Colección de Referencia Biblioteca FUSBC Biblioteca FUSBC 29/11/2004 3   R 223.2 S337s 24518 20/09/2025 13/11/2024 t.1, ej.1 26/01/2016 Libros de Referencia BIBLIA
    Dewey Decimal Classification     Colección de Referencia Biblioteca FUSBC Biblioteca FUSBC 29/11/2004     R 223.2 S337s 24519 26/03/2026   t. 2, ej.1 26/01/2016 Libros de Referencia BIBLIA

Biblioteca FUSBC | Teléfono: (57+4) 349 88 10 Ext. 141| WhatsApp (+57) 3005338115 
E-mail: biblioteca@unisbc.edu.co | Calle 76 87-14 Robledo Palenque, Medellín, Colombia

Con tecnología Koha